000
00264nam a2200097Ia 4500
001
957702
005
20250826215849.0
008
250824s9999 xx 000 0 und d
245
0
_a
OSMANLIDAN CUMHURİYETE İKTİDAR OYUNU
_c
AVNİ ÖZGÜREL
260
_b
KETEBE YAYINLARI
999
_c
957702
_d
957702